000 00726cam a2200265 4500
001 J3724
008 090401t1996 xxu||||| |||| 00| 0 eng d
035 _a(Sirsi) u56689
041 _aeng
050 _a333.337016
110 _aHillier Parker Research
_92002
245 _aHillier Parker rent index. - June - November 1996
260 _aLondon
_bHillier Parker Research
_c1996
300 _a3 pt. ; 30cm.
350 _a0
650 _aHILLIER PARKER RENT INDEX
650 _aINDICES
650 _aINDUSTRIAL PROPERTY
650 _aOFFICES
650 _aRENT INDEX
650 _aSHOPS
690 _aPROPERTY-COMMERCIAL PROPERTY-COMMERCIAL PROPERTY FINANCE AND INVESTMENT
942 _n0
948 _c04/03/1997
999 _c93823
_d93823